| 000 | 00510nam a2200181Ia 4500 | ||
|---|---|---|---|
| 005 | 20250326141626.0 | ||
| 008 | 250326s9999 xx 000 0 und d | ||
| 037 | _aTextbook | ||
| 040 |
_aFMSL _beng _cFMSL |
||
| 041 |
_aeng _2eng |
||
| 084 |
_aX:51.44 N1 _qFMSL |
||
| 100 | _aSahoo S C | ||
| 245 | 0 |
_aEmerging trends in Indian Marketing _cSahoo S C; Sinha P K |
|
| 260 |
_aDelhi _bDelhi, Academic foundation _c1991 |
||
| 300 | _a192p | ||
| 942 |
_cTB _hX:51.44 N1 |
||
| 999 |
_c1291196 _d1291196 |
||